书目信息 |
| 题名: |
世界银行重要文件资料汇编
|
|
| 作者: | ;财政部外事财务司世界银行处 编译 | |
| 分册: | 第二集 | |
| 出版信息: | 北京 中国财政经济出版社 1983 |
|
| 页数: | 129页 | |
| 开本: | 21cm | |
| 丛书名: | ||
| 单 册: | ||
| 中图分类: | F830.1 | |
| 科图分类: | ||
| 主题词: | 金融 , 银行 | |
| 电子资源: | ||
| ISBN: | ||
| 000 | 00816nam0 2200265 45 | |
| 001 | 0183009784 | |
| 005 | 20040428111533.3 | |
| 010 | @dCNY0.50 | |
| 091 | @a4166.426 | |
| 100 | @a19950929d1983 k y0chiy0121 ea | |
| 101 | 1 | @achi |
| 102 | @aCN@b110000 | |
| 105 | @ay i 000yy | |
| 106 | @ar | |
| 200 | 10 | @a世界银行重要文件资料汇编@h第二集@Ashi jie yin hang zhong yao wen jian zi liao hui bian@f财政部外事财务司世界银行处编译 |
| 210 | @a北京@c中国财政经济出版社@d1983 | |
| 215 | @a129页@c表格@d21cm | |
| 601 | 02 | @a国际开发银行@y文件@x汇编 |
| 606 | 0 | @a金融 |
| 606 | 0 | @a银行 |
| 690 | @aF830.1@v3 | |
| 711 | 02 | @a财政部外事财务司世界银行处@Acai zheng bu wai shi cai wu si shi jie yin hang chu@4编译 |
| 801 | 0 | @aCN@b上海图书馆@c20040428 |
| 801 | 2 | @aCN@bNLC@c20040428 |
| 905 | @dF830.1@e1:2@f1@b107666 | |
| 世界银行重要文件资料汇编.第二集/财政部外事财务司世界银行处编译.-北京:中国财政经济出版社,1983 |
| 129页:表格;21cm |
| ISBN :CNY0.50 |
| ● |
| 相关链接 |
|
|
|
|
正题名:世界银行重要文件资料汇编
索取号:F830.1/1:2
 
预约/预借
| 序号 | 登录号 | 条形码 | 馆藏地/架位号 | 状态 | 备注 |
| 1 | 0107666 | 000491131 | 第一借阅区/ [索取号:F830.1/1:2] | 在馆 | |
| 2 | 0107667 | 000491122 | 第一样本阅览室/ [索取号:F830.1/1:2] | 在馆 |